| 000 | 00438nam a22001337a 4500 | ||
|---|---|---|---|
| 082 | _aMSIT-13 MAH | ||
| 100 |
_aAsiah Mahmood _923873 |
||
| 245 | _aMedical device interoperability framework | ||
| 260 |
_aIslamabad _bNUST-SEECS _c2015 |
||
| 300 |
_a38p. _bill.; _eCD ROM |
||
| 500 | _aDr. Khalid Latif, Dr. Farooq Ahmad, Dr. Hamid Mukhtar, Dr. Zahid Anwar | ||
| 856 | _uhttp://10.250.8.41:8080/xmlui/handle/123456789/10082 | ||
| 942 |
_cPR _2ddc |
||
| 999 |
_c13426 _d13426 |
||